[Event "GER-ch Net qual3 U25"]
[Site "Playchess.com INT"]
[Date "2011.05.08"]
[Round "3"]
[White "Sappok, Marius"]
[Black "Friedrich, Ricardo"]
[Result "1-0"]
[WhiteElo "1668"]
[BlackElo "2122"]
[PlyCount "135"]
[EventDate "2011.05.08"]
[EventType "swiss (blitz)"]
[EventRounds "7"]
[EventCountry "GER"]
[SourceTitle "CBM 142 Extra"]
[Source "ChessBase"]
[SourceDate "2011.06.27"]
[SourceVersion "1"]
[SourceVersionDate "2011.06.27"]
[SourceQuality "1"]

1. c4 Nf6 2. Nc3 c5 3. g3 e6 4. Bg2 Be7 5. Nf3 0-0 6. 0-0 a6 7. d4 cxd4 8. Nxd4 Qc7 9. b3 Nc6 10. Bb2 d6 11. Rc1 Ne5 12. Nf3 Bd7 13. Nxe5 dxe5 14. Qc2 Rfd8 15. Ne4 Nxe4 16. Bxe4 f5 17. Bg2 e4 18. Rfd1 Bc6 19. Rxd8+ Rxd8 20. Rd1 Rxd1+ 21. Qxd1 Qa5 22. a3 Bxa3 23. Qa1 Bb4 24. Bxg7 Qxa1+ 25. Bxa1 Kf7 26. f3 Bc5+ 27. Kf1 exf3 28. Bxf3 Ke7 29. Bxc6 bxc6 30. Bc3 Kd6 31. b4 Be3 32. Kg2 e5 33. Kf3 Bc1 34. e4 Ke6 35. exf5+ Kxf5 36. g4+ Ke6 37. Ke4 Bf4 38. h4 Bg3 39. h5 Bh2 40. g5 Bf4 41. g6 hxg6 42. hxg6 Kf6 43. g7 Kf7 44. Bxe5 Bd2 45. Bd6 Kxg7 46. Kd4 a5 47. bxa5 Bxa5 48. Kc5 Kf7 49. Kxc6 Ke6 50. Bc7 Bb4 51. Bb6 Bc3 52. c5 Bd4 53. Kb5 Be5 54. c6 Ke7 55. Ka6 Kd6 56. Kb7 Kd5 57. Bc7 Bd4 58. Bb8 Ke6 59. c7 Be5 60. c8Q+ Kf6 61. Bxe5+ Kxe5 62. Qd8 Kf5 63. Qe8 Kf4 64. Qb5 Ke4 65. Kc6 Kd4 66. Qd5+ Ke3 67. Qc4 Kf3 68. Kd5 1-0

[Event "Siebenlehn op 11th"]
[Site "Siebenlehn"]
[Date "2010.12.28"]
[Round "5"]
[White "Melamed, Tatiana"]
[Black "Friedrich, Ricardo"]
[Result "1-0"]
[WhiteElo "2353"]
[BlackElo "2117"]
[PlyCount "99"]
[EventDate "2010.12.27"]
[EventType "swiss"]
[EventRounds "7"]
[EventCountry "GER"]
[SourceTitle "EXT 2012"]
[Source "ChessBase"]
[SourceDate "2011.11.24"]
[SourceVersion "1"]
[SourceVersionDate "2011.11.24"]
[SourceQuality "1"]

1. e4 c5 2. Nf3 Nc6 3. Bb5 g6 4. Bxc6 bxc6 5. 0-0 Bg7 6. Re1 Nf6 7. e5 Nd5 8. c4 Nc7 9. d4 cxd4 10. Qxd4 0-0 11. Qh4 f6 12. Nc3 Ne6 13. Ne4 Rb8 14. b3 c5 15. exf6 exf6 16. Bh6 Bb7 17. Bxg7 Kxg7 18. Rad1 Bc6 19. Qg3 Qe7 20. h4 h5 21. Nc3 Rfe8 22. Nd5 Qf7 23. Qd6 Rbc8 24. Re3 Qf8 25. Qg3 d6 26. Rxe6 Rxe6 27. Nf4 Qe8 28. Nxe6+ Qxe6 29. Qxd6 Qxd6 30. Rxd6 Rc7 31. Kf1 Kf7 32. Ke2 Ke7 33. Rd3 Ke6 34. Nd2 g5 35. hxg5 fxg5 36. f3 Kf5 37. Kf2 g4 38. Rd6 Ke5 39. Rh6 Kd4 40. Rxh5 Kc3 41. Ke3 Re7+ 42. Ne4+ Kb4 43. Kd3 gxf3 44. gxf3 Bxe4+ 45. fxe4 a5 46. e5 a4 47. bxa4 Rd7+ 48. Ke4 Kxc4 49. e6 Rd1 50. Re5 1-0

[Event "GER-ch Net qual4 U18"]
[Site "Playchess.com INT"]
[Date "2009.06.17"]
[Round "2"]
[White "Friedrich, Ricardo"]
[Black "Goetz, Martin"]
[Result "0-1"]
[WhiteElo "2117"]
[BlackElo "2080"]
[PlyCount "102"]
[EventDate "2009.06.17"]
[EventType "swiss (blitz)"]
[EventRounds "7"]
[EventCountry "GER"]
[SourceTitle "CBM 130 Extra"]
[Source "ChessBase"]
[SourceDate "2009.07.02"]
[SourceVersion "2"]
[SourceVersionDate "2009.07.15"]
[SourceQuality "1"]

1. e4 e6 2. d4 d5 3. Nc3 Bb4 4. e5 c5 5. a3 Bxc3+ 6. bxc3 Ne7 7. Nf3 Nbc6 8. Be2 Ng6 9. h4 Bd7 10. h5 Nge7 11. h6 gxh6 12. Rb1 Qc7 13. Bxh6 0-0-0 14. g3 Nf5 15. Bg5 Rde8 16. Bf6 Rhg8 17. Rxh7 cxd4 18. cxd4 Ncxd4 19. Nxd4 Qc3+ 20. Qd2 Qxd4 21. Qxd4 Nxd4 22. Bd3 Rgf8 23. Rb4 Nc6 24. Rg4 Ne7 25. Rgg7 d4 26. Rxf7 Rxf7 27. Rxf7 Nd5 28. g4 Nf4 29. g5 Rg8 30. Be4 Bc6 31. Bxc6 bxc6 32. Rxa7 Kb8 33. Re7 c5 34. Kd2 c4 35. Rd7 c3+ 36. Ke1 Nd5 37. Ke2 Nf4+ 38. Kf3 d3 39. Rh7 dxc2 40. Rh1 Nd3 41. Ke2 c1Q 42. Rxc1 Nxc1+ 43. Kd1 Nd3 44. Kc2 Nxf2 45. Kxc3 Ne4+ 46. Kd4 Nxg5 47. Kc5 Kc7 48. a4 Ne4+ 49. Kd4 Nxf6 50. exf6 Rg5 51. a5 Rxa5 0-1

[Event "GER-ch Net qual4 U18"]
[Site "Playchess.com INT"]
[Date "2009.06.17"]
[Round "5"]
[White "Friedrich, Ricardo"]
[Black "Hoefelsauer, Thomas"]
[Result "1-0"]
[WhiteElo "2117"]
[BlackElo "2144"]
[PlyCount "75"]
[EventDate "2009.06.17"]
[EventType "swiss (blitz)"]
[EventRounds "7"]
[EventCountry "GER"]
[SourceTitle "CBM 130 Extra"]
[Source "ChessBase"]
[SourceDate "2009.07.02"]
[SourceVersion "2"]
[SourceVersionDate "2009.07.15"]
[SourceQuality "1"]

1. e4 c6 2. d4 d5 3. Nc3 dxe4 4. Nxe4 Bf5 5. Ng3 Bg6 6. h4 h6 7. Nf3 Nd7 8. h5 Bh7 9. Bd3 Bxd3 10. Qxd3 e6 11. Bd2 Ngf6 12. 0-0-0 Be7 13. Rhe1 Qc7 14. Kb1 0-0-0 15. Nf5 Bf8 16. Ng3 Kb8 17. Qe2 c5 18. c4 Bd6 19. Ne4 Nxe4 20. Qxe4 Nf6 21. Qe2 cxd4 22. Nxd4 a6 23. Bc3 Rd7 24. Nb3 Rhd8 25. Rxd6 Rxd6 26. Be5 Ka8 27. c5 Rd1+ 28. Rxd1 Rxd1+ 29. Kc2 Qd7 30. Qxd1 Nd5 31. Qd4 a5 32. Bd6 a4 33. Nd2 Qb5 34. Qc4 Qc6 35. b4 b5 36. cxb6 Qxd6 37. Qc8+ Qb8 38. Qa6+ 1-0

[Event "GER-ch Net qual3 U18"]
[Site "Playchess.com INT"]
[Date "2009.05.17"]
[Round "3"]
[White "Friedrich, Ricardo"]
[Black "Nonnenmacher, Lars"]
[Result "1-0"]
[WhiteElo "2117"]
[BlackElo "1497"]
[PlyCount "75"]
[EventDate "2009.05.17"]
[EventType "swiss (blitz)"]
[EventRounds "7"]
[EventCountry "GER"]
[SourceTitle "CBM 130 Extra"]
[Source "ChessBase"]
[SourceDate "2009.07.02"]
[SourceVersion "2"]
[SourceVersionDate "2009.07.15"]
[SourceQuality "1"]

1. e4 Nf6 2. e5 Nd5 3. c4 Nb6 4. d4 d6 5. exd6 exd6 6. Nc3 Nc6 7. Nf3 Bg4 8. Be3 Be7 9. b3 0-0 10. Be2 Bf6 11. 0-0 d5 12. c5 Nc8 13. h3 Bh5 14. Qd2 N8e7 15. g4 Bg6 16. g5 Nf5 17. gxf6 Qxf6 18. Bg5 Qe6 19. Bb5 h6 20. Rfe1 Qd7 21. Bxc6 bxc6 22. Ne5 Qc8 23. Bf4 Nh4 24. Re3 Bf5 25. Nxc6 Re8 26. Nxd5 Rxe3 27. Qxe3 Qd7 28. Nde7+ Kh7 29. Bg3 Ng6 30. Nxg6 fxg6 31. Ne5 Qd5 32. h4 Re8 33. Re1 Bh3 34. Qe4 Qe6 35. h5 Bf5 36. hxg6+ Kg8 37. Qe2 Qd5 38. Qc4 1-0

[Event "Sachsen-ch U18"]
[Site "Sebnitz"]
[Date "2009.04.17"]
[Round "7"]
[White "Tietz, Eric"]
[Black "Friedrich, Ricardo"]
[Result "0-1"]
[WhiteElo "1681"]
[BlackElo "2122"]
[PlyCount "104"]
[EventDate "2009.04.14"]
[EventType "swiss"]
[EventRounds "7"]
[EventCountry "GER"]
[SourceTitle "EXT 2010"]
[Source "ChessBase"]
[SourceDate "2010.11.25"]
[SourceVersion "1"]
[SourceVersionDate "2010.11.25"]
[SourceQuality "1"]

1. e4 c5 2. c3 Nf6 3. e5 Nd5 4. d4 cxd4 5. Nf3 Nc6 6. Bc4 Nb6 7. Bb3 d5 8. exd6 Qxd6 9. Na3 a6 10. 0-0 Be6 11. Ng5 Bxb3 12. Qxb3 Nd8 13. Rd1 e6 14. Rxd4 Qc6 15. Nc4 Bc5 16. Nxb6 Qxb6 17. Qxb6 Bxb6 18. Rd3 Nc6 19. Ne4 Ke7 20. b3 Bc7 21. Ba3+ Ke8 22. Rad1 Rd8 23. Nc5 Rxd3 24. Rxd3 Nd8 25. g3 h5 26. h3 Rh6 27. Ne4 Rg6 28. Kg2 f5 29. Nd6+ Bxd6 30. Bxd6 Nf7 31. Bc7 Ke7 32. f4 h4 33. a4 e5 34. fxe5 Ke6 35. c4 Rxg3+ 36. Rxg3 hxg3 37. Kxg3 g5 38. b4 Nxe5 39. c5 f4+ 40. Kg2 Nd3 41. Kf3 Kf5 42. Ba5 Ne5+ 43. Ke2 Nc6 44. Bc7 Nxb4 45. Bd6 Nd5 46. Kf3 Nc3 47. a5 Ne4 48. Be7 Nd2+ 49. Ke2 Nb3 50. Kd3 Nxa5 51. Kc3 Nc6 52. Bd6 Ke4 0-1

[Event "Sachsen-ch U18"]
[Site "Sebnitz"]
[Date "2009.04.14"]
[Round "1"]
[White "Scheibe, Axel"]
[Black "Friedrich, Ricardo"]
[Result "0-1"]
[WhiteElo "1716"]
[BlackElo "2122"]
[PlyCount "62"]
[EventDate "2009.04.14"]
[EventType "swiss"]
[EventRounds "7"]
[EventCountry "GER"]
[SourceTitle "EXT 2010"]
[Source "ChessBase"]
[SourceDate "2010.11.25"]
[SourceVersion "1"]
[SourceVersionDate "2010.11.25"]
[SourceQuality "1"]

1. d4 Nf6 2. Nf3 e6 3. c4 c5 4. d5 exd5 5. cxd5 d6 6. Nc3 g6 7. e4 Bg7 8. Bd3 0-0 9. 0-0 Bg4 10. h3 Bxf3 11. Qxf3 a6 12. Bg5 b5 13. Rfe1 Nbd7 14. Qf4 Ne5 15. Be2 Re8 16. a4 b4 17. Nd1 Qe7 18. Ne3 h6 19. Bxh6 Bxh6 20. Qxh6 Nxe4 21. f4 Nd7 22. Nc4 Qf6 23. Kh2 Qd4 24. Rad1 Qf2 25. Bd3 Qg3+ 26. Kg1 Nf2 27. Nxd6 Rxe1+ 28. Rxe1 Nxd3 29. Re2 Nxf4 30. Rf2 Nxh3+ 31. Qxh3 Qxd6 0-1

[Event "GER-chT Lands U20"]
[Site "Dresden"]
[Date "2008.11.16"]
[Round "4.1"]
[White "Friedrich, Ricardo"]
[Black "Mueller, Jan Hendrik"]
[Result "1-0"]
[WhiteElo "2043"]
[BlackElo "2098"]
[PlyCount "61"]
[EventDate "2008.11.14"]
[EventType "team-swiss"]
[EventRounds "7"]
[EventCountry "GER"]
[SourceTitle "EXT 2010"]
[Source "ChessBase"]
[SourceDate "2010.11.25"]
[SourceVersion "1"]
[SourceVersionDate "2010.11.25"]
[SourceQuality "1"]
[WhiteTeam "Sachsen"]
[BlackTeam "Hamburg"]
[WhiteTeamCountry "GER"]
[BlackTeamCountry "GER"]

1. e4 e6 2. d4 d5 3. Nc3 Bb4 4. e5 c5 5. a3 Bxc3+ 6. bxc3 Ne7 7. Nf3 Nbc6 8. Be2 Qa5 9. Bd2 0-0 10. 0-0 Qa4 11. Rb1 a6 12. Bd3 Ng6 13. h4 cxd4 14. cxd4 Nxd4 15. Rb4 Nxf3+ 16. Qxf3 Qe8 17. Qg3 f5 18. exf6 Rxf6 19. h5 Nf8 20. Bc3 Qe7 21. Bxf6 Qxf6 22. Re1 b5 23. Qd6 Bb7 24. Rf4 Rd8 25. Qb4 Qg5 26. Rxf8+ Rxf8 27. Bxh7+ Kf7 28. Qd6 e5 29. Qd7+ Qe7 30. Bg6+ Kf6 31. Qf5# 1-0

[Event "GER-ch Net qual4 U18"]
[Site "Playchess.com INT"]
[Date "2008.06.11"]
[Round "5"]
[White "Haeusler, Felix"]
[Black "Friedrich, Ricardo"]
[Result "0-1"]
[WhiteElo "1984"]
[BlackElo "1914"]
[PlyCount "92"]
[EventDate "2008.06.11"]
[EventType "swiss (blitz)"]
[EventRounds "7"]
[EventCountry "GER"]
[SourceTitle "CBM 124 Extra"]
[Source "ChessBase"]
[SourceDate "2008.07.03"]
[SourceVersion "1"]
[SourceVersionDate "2008.07.03"]
[SourceQuality "1"]

1. e4 c5 2. Nf3 Nc6 3. d4 cxd4 4. Nxd4 g6 5. Nc3 Bg7 6. Be3 Nf6 7. Bc4 0-0 8. Bb3 a5 9. 0-0 a4 10. Bxa4 Nxe4 11. Nxe4 Rxa4 12. Nxc6 bxc6 13. Nc5 Rb4 14. Rb1 Rxb2 15. Rxb2 Bxb2 16. Qb1 Bg7 17. a4 d6 18. Nb3 Ba6 19. Rd1 Qc7 20. a5 c5 21. h3 Rb8 22. Qa2 Qc6 23. Nd2 Rb2 24. Qa3 Rxc2 25. Nf3 Rc3 26. Qb2 Qb5 27. Qxb5 Bxb5 28. Rb1 Be8 29. Rb8 Kf8 30. a6 Ra3 31. Ra8 h6 32. Nd2 f5 33. Nc4 Ra1+ 34. Kh2 Kf7 35. Ra7 Ke6 36. Nb6 Bb5 37. Nc8 Bf6 38. Bxh6 Rxa6 39. Rc7 Rc6 40. Rxc6 Bxc6 41. Na7 Bd7 42. Kg3 Kd5 43. Kf3 c4 44. Ke2 Bd4 45. Kd2 Bxa7 46. Kc2 Bxf2 0-1

[Event "GER-ch Net qual3 U18"]
[Site "Playchess.com INT"]
[Date "2008.06.08"]
[Round "1"]
[White "Friedrich, Ricardo"]
[Black "Heimann, Andreas"]
[Result "0-1"]
[WhiteElo "1914"]
[BlackElo "2403"]
[PlyCount "88"]
[EventDate "2008.06.08"]
[EventType "swiss (blitz)"]
[EventRounds "7"]
[EventCountry "GER"]
[SourceTitle "CBM 124 Extra"]
[Source "ChessBase"]
[SourceDate "2008.07.03"]
[SourceVersion "1"]
[SourceVersionDate "2008.07.03"]
[SourceQuality "1"]

1. e4 c5 2. Nf3 e6 3. d4 cxd4 4. Nxd4 a6 5. Nc3 Qc7 6. Be2 Nc6 7. Be3 Nf6 8. 0-0 Bb4 9. Nxc6 dxc6 10. Qd4 Bd6 11. f4 e5 12. Qd2 exf4 13. Bxf4 Bxf4 14. Qxf4 Qxf4 15. Rxf4 Be6 16. Rd1 Ke7 17. Rff1 Rhd8 18. Kf2 Nd7 19. Ke3 Ne5 20. h3 f6 21. b3 b5 22. Rxd8 Rxd8 23. Rd1 Rxd1 24. Nxd1 a5 25. a3 Kd6 26. Nb2 b4 27. axb4 axb4 28. Nd3 c5 29. Nb2 Bf7 30. Bf1 g5 31. Be2 h5 32. Nd3 Nxd3 33. Bxd3 Ke5 34. Ba6 Bg6 35. Bb7 Be8 36. g3 h4 37. gxh4 gxh4 38. Bc8 Bg6 39. Bb7 f5 40. exf5 Bxf5 41. Ba6 Bxh3 42. Bd3 Bf5 43. Kf3 Bxd3 44. cxd3 Kd4 0-1

[Event "GER-ch U16"]
[Site "Willingen"]
[Date "2008.05.15"]
[Round "7"]
[White "Friedrich, Ricardo"]
[Black "Geske, Julian"]
[Result "1-0"]
[WhiteElo "1914"]
[BlackElo "2206"]
[PlyCount "89"]
[EventDate "2008.05.11"]
[EventType "swiss"]
[EventRounds "9"]
[EventCountry "GER"]
[SourceTitle "CBM 124 Extra"]
[Source "ChessBase"]
[SourceDate "2008.07.03"]
[SourceVersion "1"]
[SourceVersionDate "2008.07.03"]
[SourceQuality "1"]

1. e4 e5 2. Nf3 Nc6 3. Bb5 Nge7 4. 0-0 g6 5. c3 Bg7 6. d4 exd4 7. cxd4 d5 8. e5 0-0 9. Nc3 Bg4 10. Be3 f6 11. exf6 Bxf6 12. Be2 Qd7 13. h3 Bf5 14. Qd2 Rae8 15. Rfe1 Bg7 16. Bh6 Nc8 17. Bxg7 Kxg7 18. Bb5 Qd6 19. Rxe8 Rxe8 20. Re1 Re6 21. Rxe6 Qxe6 22. Qf4 Qd7 23. Bxc6 bxc6 24. g4 Be6 25. Qe5+ Kg8 26. Na4 Qd6 27. Nc5 Bf7 28. Qg5 Kg7 29. Ne5 Ne7 30. Qh4 Be8 31. Qg3 g5 32. Qe3 h6 33. Qa3 Ng6 34. Nxg6 Bxg6 35. Qxa7 Kf6 36. Qb8 Qe7 37. Qh8+ Kf7 38. Qe5 Qd6 39. a4 Qd8 40. a5 Qb8 41. Qe2 Be4 42. f3 Bb1 43. Qe6+ Kg7 44. Qf6+ Kg8 45. Ne6 1-0

[Event "GER-ch U16"]
[Site "Willingen"]
[Date "2008.05.13"]
[Round "5"]
[White "Borgmeyer, Max"]
[Black "Friedrich, Ricardo"]
[Result "0-1"]
[WhiteElo "2040"]
[BlackElo "1914"]
[PlyCount "108"]
[EventDate "2008.05.11"]
[EventType "swiss"]
[EventRounds "9"]
[EventCountry "GER"]
[SourceTitle "CBM 124 Extra"]
[Source "ChessBase"]
[SourceDate "2008.07.03"]
[SourceVersion "1"]
[SourceVersionDate "2008.07.03"]
[SourceQuality "1"]

1. e4 c5 2. b3 Nc6 3. Bb2 d6 4. Nc3 e5 5. Bc4 g6 6. Nge2 Bg7 7. 0-0 Nge7 8. Nd5 0-0 9. f4 Be6 10. Nxe7+ Qxe7 11. f5 Bxc4 12. bxc4 Nd4 13. Ng3 Rab8 14. Bxd4 exd4 15. Qf3 Be5 16. f6 Qe6 17. d3 b5 18. cxb5 Rxb5 19. Qf2 Rb2 20. a4 Rfb8 21. Nh1 c4 22. Ra3 c3 23. Raa1 Ra2 24. Rac1 Rxa4 25. Qh4 Ra2 26. Ng3 Rbb2 27. Rf2 Bxg3 28. hxg3 h5 29. Qg5 Qe8 30. Qd5 Ra4 31. Qxd6 Rb6 32. Qf4 Ra5 33. Re1 Qe5 34. Qxe5 Rxe5 35. Ra1 a5 36. Rff1 Rb2 37. Ra4 Rxc2 38. Rxd4 g5 39. Rd8+ Kh7 40. Rf8 Kg6 41. Rg8+ Kh6 42. Rg7 Rb5 43. Rxf7 Rbb2 44. Re1 Rxg2+ 45. Kh1 Rh2+ 46. Kg1 Rbg2+ 47. Kf1 Rd2 48. Kg1 h4 49. gxh4 Rdg2+ 50. Kf1 gxh4 51. Rf8 Rd2 52. Kg1 c2 53. Rg8 Rhe2 54. Rf1 Rf2 0-1

[Event "Sachsen-ch U16"]
[Site "Sebnitz"]
[Date "2007.04.14"]
[Round "7"]
[White "Friedrich, Ricardo"]
[Black "Grohmann, Thomas"]
[Result "1/2-1/2"]
[WhiteElo "1679"]
[BlackElo "1526"]
[PlyCount "105"]
[EventDate "2007.04.10"]
[EventType "swiss"]
[EventRounds "7"]
[EventCountry "GER"]
[SourceTitle "EXT 2008"]
[Source "ChessBase"]
[SourceDate "2007.11.25"]
[SourceVersion "1"]
[SourceVersionDate "2007.11.25"]
[SourceQuality "1"]

1. e4 c5 2. Nf3 Nc6 3. c4 Nf6 4. Nc3 d6 5. d4 cxd4 6. Nxd4 a6 7. Be2 g6 8. Be3 Bg7 9. 0-0 0-0 10. h3 Qc7 11. Rc1 Nxd4 12. Bxd4 e5 13. Be3 Be6 14. Qd3 Rac8 15. b3 Rfd8 16. Rfd1 Bf8 17. Na4 Nd7 18. Bg5 f6 19. Bh4 Bh6 20. Rc2 Nc5 21. Nxc5 dxc5 22. Qf3 g5 23. Qxf6 Rxd1+ 24. Bxd1 Qd7 25. Bf3 gxh4 26. Qxh6 Rf8 27. Rd2 Qe7 28. Qh5 Qf6 29. Bg4 Bf7 30. Qf5 Qh6 31. Rd1 Qf4 32. Qxf4 exf4 33. Rd7 Rb8 34. Bf5 Bg6 35. Bxg6 hxg6 36. Kf1 b5 37. cxb5 axb5 38. Rc7 c4 39. bxc4 bxc4 40. Rxc4 Rb1+ 41. Ke2 Rb2+ 42. Kf3 Rxa2 43. Rc7 g5 44. e5 Ra3+ 45. Kg4 Ra2 46. Kf5 Rxf2 47. Kg6 Kf8 48. Kf6 Kg8 49. e6 f3 50. Rg7+ Kh8 51. e7 fxg2+ 52. Kg6 Re2 53. Rh7+ 1/2-1/2

[Event "Sachsen-ch U16"]
[Site "Sebnitz"]
[Date "2007.04.13"]
[Round "5"]
[White "Friedrich, Ricardo"]
[Black "Tietz, Eric"]
[Result "1-0"]
[WhiteElo "1679"]
[BlackElo "1544"]
[PlyCount "77"]
[EventDate "2007.04.10"]
[EventType "swiss"]
[EventRounds "7"]
[EventCountry "GER"]
[SourceTitle "EXT 2008"]
[Source "ChessBase"]
[SourceDate "2007.11.25"]
[SourceVersion "1"]
[SourceVersionDate "2007.11.25"]
[SourceQuality "1"]

1. e4 e5 2. Nf3 Nc6 3. Bc4 Bc5 4. c3 Nf6 5. d4 exd4 6. cxd4 Bb4+ 7. Nc3 Nxe4 8. 0-0 Bxc3 9. d5 Ne7 10. bxc3 0-0 11. Re1 Nf6 12. Bg5 Nf5 13. Qc2 Nd6 14. Bd3 h6 15. Bh4 b5 16. a4 Bb7 17. axb5 Bxd5 18. Ne5 Nde8 19. Rad1 g5 20. Bg3 d6 21. Nc4 Rb8 22. Ne3 Be6 23. h4 a6 24. hxg5 hxg5 25. c4 axb5 26. cxb5 Ng7 27. Qd2 Bd7 28. Rb1 Re8 29. Rb4 Ne6 30. Nf5 Nd5 31. Nh6+ Kf8 32. Rb2 Qf6 33. Ng4 Qg7 34. Bf5 Nb6 35. Rc2 Na8 36. Bxd6+ Kg8 37. Be5 f6 38. Nxf6+ Kf8 39. Nxd7+ 1-0